[Event "III Trofeo Giovanni Pico"]
[Site "Mirandola ITA"]
[Date "2010.01.16"]
[Round "2"]
[White "Ferraguti, Francesco"]
[Black "Necesito, Donald"]
[Result "1-0"]
[WhiteElo "1658"]
[BlackElo "1440"]
[PlyCount "63"]
[EventDate "2010.01.15"]

1. d4 d5 2. c4 e6 3. Nc3 Bb4 4. Nf3 dxc4 5. e3 Bxc3+ 6. bxc3 b5 7. a4 c6 8. Ne5
Ne7 9. axb5 O-O 10. bxc6 Nbxc6 11. Nxc4 Nd5 12. Ba3 Re8 13. Nd6 e5 14. Qf3 Be6
15. Nxe8 Qxe8 16. Rc1 exd4 17. cxd4 Nxd4 18. Qd1 Nb5 19. Bb2 Rd8 20. Qa4 Bd7
21. Qa1 Bg4 22. Bd4 Nb6 23. Bxb6 axb6 24. h3 Qd7 25. Bxb5 Qd2+ 26. Kf1 Bf5 27.
Be2 Bd3 28. Bxd3 Qxd3+ 29. Kg1 b5 30. Qc3 Qf5 31. Qc5 Rd1+ 32. Rxd1 1-0

[Event "III Trofeo Giovanni Pico"]
[Site "Mirandola ITA"]
[Date "2010.01.16"]
[Round "2"]
[White "Gaion, Giancarlo"]
[Black "Guanciale, Orazio"]
[Result "0-1"]
[WhiteElo "1935"]
[BlackElo "2167"]
[PlyCount "102"]
[EventDate "2010.01.15"]

1. Nf3 f5 2. d4 Nf6 3. c4 g6 4. Nc3 Bg7 5. Qc2 d6 6. Bg5 Nc6 7. Bxf6 Bxf6 8. e3
O-O 9. a3 e5 10. dxe5 dxe5 11. Rd1 Qe8 12. Nd5 Bd8 13. c5 h6 14. Bc4 Kh7 15. h4
e4 16. Nd4 Nxd4 17. Rxd4 Be6 18. Nf4 Bxc4 19. Qxc4 Bf6 20. Rd2 Qf7 21. Ne6 Kh8
22. Qd5 Rfe8 23. Nf4 Qxd5 24. Nxd5 Be5 25. Ke2 Rad8 26. Rhd1 g5 27. hxg5 hxg5
28. Nb4 Rxd2+ 29. Rxd2 a5 30. Nd5 Kg7 31. Nxc7 Rc8 32. Rd7+ Kf6 33. Nd5+ Ke6
34. Nb6 Rxc5 35. Rxb7 Rc2+ 36. Kf1 Rxb2 37. Na4 Rxb7 38. Nc5+ Kd5 39. Nxb7 a4
40. Ke2 Bb2 41. Kd2 Bxa3 42. Kc3 Bd6 43. Na5 Be5+ 44. Kb4 Bh2 45. Kxa4 Bg1 46.
Kb3 Bxf2 47. Nc4 f4 48. exf4 gxf4 49. Nb2 Bd4 50. Kc2 Bxb2 51. Kxb2 f3 0-1

[Event "III Trofeo Giovanni Pico"]
[Site "Mirandola ITA"]
[Date "2010.01.16"]
[Round "2"]
[White "Guaragno, Michele"]
[Black "Boni, Gianni"]
[Result "0-1"]
[WhiteElo "1978"]
[BlackElo "1830"]
[PlyCount "124"]
[EventDate "2010.01.15"]

1. d4 b6 2. e4 Bb7 3. d5 e6 4. c4 d6 5. Nf3 e5 6. Bd3 Nf6 7. O-O Nbd7 8. b4 Be7
9. Nc3 a5 10. b5 Nc5 11. Bc2 h6 12. Ne1 Qd7 13. f4 O-O-O 14. h3 Rhg8 15. Nf3
Qe8 16. fxe5 Nfd7 17. exd6 Bxd6 18. Nd4 Qe5 19. Bf4 Qf6 20. Bxd6 Qxd6 21. Nc6
Ne5 22. Nxe5 Qxe5 23. Qf3 Kb8 24. Rad1 f6 25. Na4 Nxa4 26. Bxa4 Rge8 27. Bc2
Qd6 28. Qe3 Re5 29. Rf5 Rde8 30. Rxe5 Rxe5 31. Kh1 Bc8 32. Qg3 Rxd5 33. Qxd6
Rxd6 34. Rxd6 cxd6 35. Kh2 Be6 36. Bd3 Kc7 37. Kg3 Kd8 38. Kf4 Ke7 39. a4 Bg8
40. h4 Bh7 41. Ke3 Ke6 42. Kd4 Bg6 43. g3 Bh5 44. Bc2 g5 45. hxg5 fxg5 46. Bb3
Kd7 47. e5 Bg4 48. Bc2 Be6 49. exd6 Kxd6 50. Bg6 Bg4 51. Be4 Bd1 52. c5+ bxc5+
53. Kc4 Be2+ 54. Kc3 Kc7 55. Kd2 Bg4 56. Bd5 h5 57. Kc3 h4 58. gxh4 gxh4 59.
Kd2 h3 60. Kc3 h2 61. Kd2 Be6 62. Bc6 Bc8 0-1

[Event "III Trofeo Giovanni Pico"]
[Site "Mirandola ITA"]
[Date "2010.01.16"]
[Round "2"]
[White "La Venia, Stefano"]
[Black "Guzzetti, Luigi Enrico"]
[Result "1-0"]
[WhiteElo "2056"]
[BlackElo "1887"]
[PlyCount "61"]
[EventDate "2010.01.15"]

1. e4 c5 2. Ne2 e6 3. g3 Nc6 4. Bg2 Nf6 5. O-O Be7 6. c3 O-O 7. d4 d5 8. exd5
Nxd5 9. dxc5 Bxc5 10. Nd2 Ne5 11. Ne4 Bb6 12. b3 Bd7 13. Ba3 f5 14. Bxf8 fxe4
15. c4 Qxf8 16. cxd5 Nf3+ 17. Kh1 e5 18. Nc3 Qf5 19. Nxe4 Nd4 20. a4 a6 21. Rc1
Rf8 22. f4 exf4 23. Rxf4 Qe5 24. Rxf8+ Kxf8 25. Qf1+ Kg8 26. Qc4 Bf5 27. Rf1 h5
28. Ng5 h4 29. d6+ Ne6 30. Qc8+ Nf8 31. Rxf5 1-0

[Event "III Trofeo Giovanni Pico"]
[Site "Mirandola ITA"]
[Date "2010.01.16"]
[Round "2"]
[White "Malago', Federico"]
[Black "Luciani, Valerio"]
[Result "0-1"]
[WhiteElo "1440"]
[BlackElo "2200"]
[PlyCount "82"]
[EventDate "2010.01.15"]

1. e4 d6 2. Nf3 Nf6 3. Nc3 Bg4 4. d4 c6 5. Be2 e6 6. Be3 d5 7. exd5 Bxf3 8.
Bxf3 cxd5 9. a3 Be7 10. Qd2 Nc6 11. b4 O-O 12. Bf4 Rc8 13. O-O Nxb4 14. axb4
Bxb4 15. Rab1 Bxc3 16. Qd3 Qd7 17. Rb3 Ba5 18. g4 Qc6 19. g5 Ne4 20. Rc1 Bc7
21. Bxe4 dxe4 22. Qg3 Bxf4 23. Qxf4 f5 24. Rh3 Qc7 25. Qh4 g6 26. c4 Rfd8 27.
Rd1 Qg7 28. d5 Rxc4 29. Qg3 exd5 30. Qb3 Qc7 31. Rd2 Rc1+ 32. Kg2 Qc4 33. Qb2
f4 34. Rdd3 f3+ 35. Rdxf3 exf3+ 36. Rxf3 Qf1+ 37. Kg3 Rc4 38. Rf4 Rxf4 39. Kxf4
Rf8+ 40. Ke3 d4+ 41. Ke4 Qxf2 0-1

[Event "III Trofeo Giovanni Pico"]
[Site "Mirandola ITA"]
[Date "2010.01.16"]
[Round "2"]
[White "Mantovani, Enrico"]
[Black "Raisi, Michele"]
[Result "1/2-1/2"]
[WhiteElo "1806"]
[BlackElo "1501"]
[PlyCount "91"]
[EventDate "2010.01.15"]

1. d4 Nf6 2. Nf3 e6 3. g3 Bb4+ 4. c3 Ba5 5. Bg2 d5 6. Qa4+ c6 7. Bg5 Nbd7 8.
Nbd2 Bc7 9. e4 h6 10. Bxf6 Nxf6 11. Qc2 O-O 12. O-O-O Re8 13. Rhe1 dxe4 14.
Nxe4 Nxe4 15. Qxe4 Qd5 16. Qb1 a5 17. Nh4 Qg5+ 18. Kc2 Bd7 19. Re4 f5 20. f4
Qf6 21. Re5 Bxe5 22. dxe5 Qf7 23. Rd6 Rad8 24. Qd1 g5 25. Nf3 Qe7 26. fxg5 hxg5
27. Nxg5 Qxg5 28. Rxd7 Rxd7 29. Qxd7 Qe7 30. Qxe7 Rxe7 31. c4 Rh7 32. h3 Rg7
33. g4 fxg4 34. hxg4 Rxg4 35. Bh3 Rg6 36. a3 Kf7 37. b4 axb4 38. axb4 Rg5 39.
c5 Rxe5 40. Kd3 Kf6 41. Bg2 Kf5 42. Kd4 Kf4 43. b5 cxb5 44. Bxb7 b4 45. c6 b3
46. Kc3 1/2-1/2

[Event "III Trofeo Giovanni Pico"]
[Site "Mirandola ITA"]
[Date "2010.01.16"]
[Round "2"]
[White "Molinari, Enzo"]
[Black "Menini, Luca"]
[Result "0-1"]
[WhiteElo "1440"]
[BlackElo "1681"]
[PlyCount "82"]
[EventDate "2010.01.15"]

1. d4 Nf6 2. c4 e5 3. d5 Bc5 4. Bg5 Bxf2+ 5. Kxf2 Ne4+ 6. Ke1 Qxg5 7. Nf3 Qe3
8. Qd3 Qc1+ 9. Qd1 Qxd1+ 10. Kxd1 Nf2+ 11. Ke1 Nxh1 12. e4 d6 13. Be2 O-O 14.
Kf1 f5 15. Nbd2 Na6 16. Kg1 Ng3 17. hxg3 Nc5 18. exf5 Bxf5 19. b4 Ne4 20. Nxe4
Bxe4 21. Ng5 Bf5 22. g4 Bd7 23. g3 h6 24. Ne4 b6 25. Kg2 Be8 26. Rh1 Bg6 27.
Nd2 Rf7 28. Rf1 Rxf1 29. Bxf1 Rc8 30. b5 Ra8 31. a4 a6 32. c5 axb5 33. Bxb5
bxc5 34. Bc6 Ra7 35. Nc4 Bd3 36. Ne3 c4 37. Bb5 Be4+ 38. Kh3 c3 39. Bd7 c2 40.
Be6+ Kf8 41. Nxc2 Bxc2 0-1

[Event "III Trofeo Giovanni Pico"]
[Site "Mirandola ITA"]
[Date "2010.01.16"]
[Round "2"]
[White "Neri, Marco"]
[Black "Soppelsa, Maurizio"]
[Result "0-1"]
[WhiteElo "1383"]
[BlackElo "1622"]
[PlyCount "88"]
[EventDate "2010.01.15"]

1. e4 c6 2. Nf3 d5 3. exd5 cxd5 4. Nc3 Nf6 5. d4 Bg4 6. h3 Bh5 7. g4 Bg6 8. Bf4
a6 9. Bd3 Bxd3 10. Qxd3 e6 11. O-O-O Bd6 12. Bg5 h6 13. Bh4 Nbd7 14. g5 Bf4+
15. Kb1 hxg5 16. Bxg5 Qc7 17. Bxf4 Qxf4 18. h4 Ne4 19. Rdf1 O-O-O 20. Nxe4 dxe4
21. Qc3+ Kb8 22. Nd2 Rxh4 23. Rxh4 Qxh4 24. f3 exf3 25. Nxf3 Qh3 26. Rg1 g6 27.
Qe3 Qf5 28. Re1 Rh8 29. Nd2 Rh3 30. Qe2 Qd5 31. Qf1 Rh2 32. Nf3 Rh5 33. Nd2 f5
34. Qg1 g5 35. Qg3+ f4 36. a3 fxg3 37. b3 g2 38. Nf1 g1=Q 39. Rd1 Rh1 40. Kc1
Qxf1 41. Rxf1 Rxf1+ 42. Kd2 Qxd4+ 43. Ke2 Rf2+ 44. Ke1 Qd2# 0-1

[Event "III Trofeo Giovanni Pico"]
[Site "Mirandola ITA"]
[Date "2010.01.16"]
[Round "2"]
[White "Paoli, Walter"]
[Black "Fagnani, Alessandro"]
[Result "1-0"]
[WhiteElo "2063"]
[BlackElo "1824"]
[PlyCount "122"]
[EventDate "2010.01.15"]

1. e4 e5 2. Nf3 Nc6 3. Bb5 a6 4. Bxc6 dxc6 5. d4 exd4 6. Qxd4 Qxd4 7. Nxd4 Bc5
8. Be3 Nf6 9. f3 O-O 10. Nc3 Nd7 11. O-O-O Ne5 12. Nce2 Nc4 13. Bf2 Bd6 14. c3
c5 15. Nc2 f5 16. b3 Ne5 17. Ng3 c4 18. Ne1 Ba3+ 19. Kb1 f4 20. Bd4 Bd6 21. Ne2
Be6 22. Nc1 Rad8 23. Nc2 c5 24. Bxe5 Bxe5 25. Kb2 a5 26. Na3 cxb3 27. Nxb3 b6
28. Kc2 g5 29. h3 Bf6 30. c4 h5 31. Nc1 Bg7 32. Ne2 g4 33. hxg4 hxg4 34. Rxd8
Rxd8 35. Nxf4 Bf7 36. Nd5 gxf3 37. gxf3 Rd6 38. Nb5 Re6 39. Kd3 Kf8 40. Rh4 Rg6
41. Rf4 Bh6 42. Rg4 Re6 43. f4 Bg7 44. Ne3 Rh6 45. Rxg7 Kxg7 46. Nf5+ Kg6 47.
Nxh6 Kxh6 48. Nc3 Be8 49. e5 Bc6 50. Nd5 b5 51. Ne7 Bd7 52. cxb5 Bxb5+ 53. Ke3
c4 54. Kd4 Kg7 55. Nd5 Bd7 56. Kxc4 Be6 57. Kd4 Kg6 58. a3 Kf5 59. Nc7 Bf7 60.
e6 Bxe6 61. Nxe6 Kxe6 1-0

[Event "III Trofeo Giovanni Pico"]
[Site "Mirandola ITA"]
[Date "2010.01.16"]
[Round "2"]
[White "Proietti, Tosca"]
[Black "Negro, Raffaele"]
[Result "0-1"]
[WhiteElo "1816"]
[BlackElo "1854"]
[PlyCount "90"]
[EventDate "2010.01.15"]

1. e4 b6 2. Nc3 Bb7 3. Bc4 e6 4. d3 Ne7 5. Bg5 h6 6. Bh4 d6 7. Nge2 Nd7 8. f4
g6 9. O-O Bg7 10. f5 exf5 11. exf5 g5 12. Be1 Nf6 13. Ng3 a6 14. Nh5 Rg8 15.
Nxf6+ Bxf6 16. Qh5 d5 17. Bb3 Qd7 18. Bd2 O-O-O 19. Qxf7 Bd4+ 20. Kh1 Rgf8 21.
Qe6 Rxf5 22. Qxd7+ Rxd7 23. Rae1 Rxf1+ 24. Rxf1 Ng6 25. Re1 Be5 26. Nd1 Rf7 27.
c3 c5 28. Kg1 Kd7 29. Nf2 Bxh2+ 30. Kxh2 Rxf2 31. Be3 Rxb2 32. Rf1 Ke7 33. Re1
Kf6 34. Rf1+ Kg7 35. Bf2 Rd2 36. Bg3 Rxd3 37. Bc2 Rd2 38. Bxg6 Kxg6 39. Be5 d4
40. Rf6+ Kh5 41. Kh3 g4+ 42. Kg3 Rxg2+ 43. Kf4 Rf2+ 44. Kg3 Rxf6 45. Bxf6 d3
0-1

[Event "III Trofeo Giovanni Pico"]
[Site "Mirandola ITA"]
[Date "2010.01.16"]
[Round "2"]
[White "Santamato, Luigi"]
[Black "Carletti, Davide M."]
[Result "1-0"]
[WhiteElo "1563"]
[BlackElo "1515"]
[PlyCount "157"]
[EventDate "2010.01.15"]

1. e4 e5 2. Nc3 Nf6 3. Bc4 Nc6 4. d3 h6 5. f4 d6 6. f5 Be7 7. Nf3 O-O 8. O-O
Nd7 9. Nd5 Nb6 10. Nxe7+ Qxe7 11. Bb3 Na5 12. Qe1 Nxb3 13. axb3 Nd7 14. g4 b6
15. Qg3 Bb7 16. c4 Nc5 17. Nd2 f6 18. b4 Na6 19. b5 Nb4 20. b3 Nc2 21. Rb1 Nd4
22. Qf2 c5 23. bxc6 Nxc6 24. Bb2 Nb4 25. Qg3 Bc6 26. Bc3 Na2 27. Bb2 Nb4 28. h4
b5 29. Rf2 a5 30. Nf1 a4 31. Ba3 Na6 32. Bc1 Nc5 33. b4 Nb7 34. Ne3 bxc4 35.
Nxc4 Rfd8 36. b5 Be8 37. Ba3 Nc5 38. Nb6 Rab8 39. Nd5 Qd7 40. g5 Bf7 41. Nxf6+
gxf6 42. gxf6+ Bg6 43. Qxg6+ Kh8 44. Qxh6+ Qh7 45. Qxh7+ Kxh7 46. Bxc5 dxc5 47.
Ra2 Rxd3 48. Rxa4 Rd4 49. Ra7+ Kg8 50. Kf2 Rbd8 51. Re1 c4 52. f7+ Kf8 53. Rc7
c3 54. Rxc3 Kxf7 55. Rb3 Rb8 56. Ke3 Ke7 57. Re2 Kd6 58. Rd2 Kc5 59. Rc2+ Rc4
60. Rxc4+ Kxc4 61. Rb1 Kc5 62. b6 Kd6 63. Rb5 Kd7 64. Rxe5 Rxb6 65. Kf4 Rh6 66.
Kg5 Rh8 67. f6 Kd6 68. Rf5 Ke6 69. h5 Kf7 70. Ra5 Re8 71. Kf5 Rh8 72. Ra7+ Kg8
73. Ra8+ Kh7 74. Rxh8+ Kxh8 75. e5 Kg8 76. Kg6 Kh8 77. e6 Kg8 78. e7 Kh8 79.
e8=Q# 1-0

[Event "III Trofeo Giovanni Pico"]
[Site "Mirandola ITA"]
[Date "2010.01.16"]
[Round "2"]
[White "Scali, Fausto"]
[Black "Malfagia, Andrea"]
[Result "0-1"]
[WhiteElo "1965"]
[BlackElo "2286"]
[PlyCount "44"]
[EventDate "2010.01.15"]

1. e4 c5 2. Nf3 e6 3. d4 cxd4 4. Nxd4 Nc6 5. Nc3 Qc7 6. Be2 a6 7. O-O Nf6 8.
Kh1 Nxd4 9. Qxd4 Bc5 10. Qd3 b5 11. f4 h5 12. Qg3 Rh7 13. e5 Ng4 14. Ne4 Bb7
15. Bd3 Rh8 16. Bd2 f5 17. exf6 gxf6 18. Nxf6+ Nxf6 19. Qg7 O-O-O 20. Qxf6 Qc6
21. Rf3 Qxf3 22. Bf1 Qf2 0-1

[Event "III Trofeo Giovanni Pico"]
[Site "Mirandola ITA"]
[Date "2010.01.16"]
[Round "2"]
[White "Sciortino, Massimo"]
[Black "Ricci, Alfredo"]
[Result "0-1"]
[WhiteElo "2181"]
[BlackElo "1967"]
[PlyCount "96"]
[EventDate "2010.01.15"]

1. e4 e6 2. d4 d5 3. Nc3 Nf6 4. Bg5 Be7 5. e5 Nfd7 6. h4 a6 7. Qg4 f5 8. Qh5+
Kf8 9. Nh3 Qe8 10. Qf3 c5 11. Nxd5 exd5 12. Qxf5+ Qf7 13. Bxe7+ Kxe7 14. Qg5+
Ke8 15. Nf4 Nf8 16. dxc5 Ne6 17. Nxe6 Bxe6 18. Bd3 Nc6 19. O-O Qe7 20. Qg3 Kd7
21. b4 g6 22. Rad1 Rad8 23. c3 Kc8 24. a4 Qc7 25. f4 Ne7 26. Qf2 Rhf8 27. b5 a5
28. b6 Qd7 29. Bb5 Nc6 30. Rd2 h6 31. Bd3 Nxe5 32. Bb5 Qe7 33. Qe2 Ng4 34. c6
bxc6 35. Ba6+ Kb8 36. g3 Rfe8 37. Qe1 Qc5+ 38. Kh1 Bc8 39. Be2 Ne3 40. Rf2 Nf5
41. Rf3 g5 42. fxg5 hxg5 43. hxg5 Re3 44. g4 Rh8+ 45. Kg2 Nh4+ 46. Kf1 Nxf3 47.
Qg3+ Ne5 48. Qf4 Rf8 0-1

[Event "III Trofeo Giovanni Pico"]
[Site "Mirandola ITA"]
[Date "2010.01.16"]
[Round "2"]
[White "Tazzioli, Luca"]
[Black "Castelli, Antonio"]
[Result "0-1"]
[WhiteElo "1503"]
[BlackElo "1729"]
[PlyCount "102"]
[EventDate "2010.01.15"]

1. e4 e5 2. Nf3 Nf6 3. Nc3 Nc6 4. d4 Bb4 5. Bg5 d6 6. h3 exd4 7. Nxd4 Bxc3+ 8.
bxc3 h6 9. Nxc6 bxc6 10. Bxf6 Qxf6 11. Qd4 Qxd4 12. cxd4 Rb8 13. Bd3 Be6 14.
O-O Kd7 15. a3 Rb6 16. f4 g6 17. f5 gxf5 18. exf5 Bd5 19. c4 Rb3 20. Rfd1 Bxg2
21. Kxg2 Rg8+ 22. Kf1 Rb2 23. Be2 Rg5 24. Bg4 h5 25. Be2 Rxf5+ 26. Ke1 Rg5 27.
Kf2 Rf5+ 28. Ke3 Rg5 29. Rd2 Rg3+ 30. Kf2 Rxd2 31. Kxg3 Rxe2 32. Rf1 Ke6 33.
Rf4 Re3+ 34. Rf3 Rxf3+ 35. Kxf3 Kf5 36. Ke3 Kg5 37. Kf3 Kh4 38. Kg2 f5 39. a4
a5 40. Kh2 Kg5 41. Kg3 f4+ 42. Kf3 Kf5 43. c5 d5 44. Kf2 Ke4 45. Ke2 Kxd4 46.
Kf3 Kc3 47. Kxf4 d4 48. h4 d3 49. Ke3 Kc2 50. Kf2 d2 51. Kg3 d1=Q 0-1

[Event "III Trofeo Giovanni Pico"]
[Site "Mirandola ITA"]
[Date "2010.01.16"]
[Round "3"]
[White "Boni, Gianni"]
[Black "Calavalle, Giulio"]
[Result "0-1"]
[WhiteElo "1830"]
[BlackElo "2263"]
[PlyCount "68"]
[EventDate "2010.01.15"]

1. b3 e5 2. Bb2 Nc6 3. e3 d6 4. Bb5 Bd7 5. Nf3 a6 6. Bxc6 bxc6 7. d3 f5 8. e4
Be7 9. Nbd2 Nf6 10. Qe2 O-O 11. O-O-O fxe4 12. dxe4 Nh5 13. h3 Nf4 14. Qf1 c5
15. g3 Ne6 16. Qe2 Qe8 17. Rde1 Bb5 18. c4 Bc6 19. h4 a5 20. h5 a4 21. Nh4 axb3
22. axb3 Bxh4 23. Rxh4 Nd4 24. Qe3 Ra2 25. f4 Qa8 26. Rh2 Qa5 27. Rg2 Rxb2 28.
Kxb2 Ra8 29. Nb1 Qa2+ 30. Kc1 Nxb3+ 31. Kd1 Qxb1+ 32. Ke2 Nd4+ 33. Qxd4 Qxe1+
34. Kxe1 cxd4 0-1

[Event "III Trofeo Giovanni Pico"]
[Site "Mirandola ITA"]
[Date "2010.01.16"]
[Round "3"]
[White "Carletti, Davide M."]
[Black "Neri, Marco"]
[Result "1-0"]
[WhiteElo "1515"]
[BlackElo "1383"]
[PlyCount "121"]
[EventDate "2010.01.15"]

1. e4 e5 2. Nf3 Nc6 3. Bc4 Bc5 4. Nc3 Nf6 5. d3 h6 6. O-O d6 7. h3 Be6 8. Bb3
O-O 9. Be3 Bb6 10. Re1 Re8 11. d4 exd4 12. Nxd4 Nxd4 13. Bxd4 Bxd4 14. Qxd4 c5
15. Qd3 a6 16. a3 b5 17. Ba2 c4 18. Qd2 d5 19. exd5 Bxd5 20. Rxe8+ Qxe8 21.
Nxd5 Nxd5 22. Qxd5 Rd8 23. Qf3 Rd2 24. Qe3 Qxe3 25. fxe3 Re2 26. b3 cxb3 27.
Bxb3 Rxe3 28. Rf1 Re7 29. Kf2 g5 30. Re1 Rc7 31. Re8+ Kg7 32. Ra8 Rc6 33. Ra7
Rf6+ 34. Kg1 Kg6 35. Bd5 Rf5 36. Be4 f6 37. Bxf5+ Kxf5 38. Rxa6 Ke5 39. Ra5 Kd4
40. Rxb5 Kc3 41. a4 Kc4 42. c3 h5 43. Kf2 g4 44. hxg4 hxg4 45. Kg3 f5 46. Rxf5
Kxc3 47. Rg5 Kb4 48. Rxg4+ Ka5 49. Kh4 Ka6 50. Rg5 Kb6 51. a5+ Ka6 52. Re5 Kb7
53. Re6 Ka7 54. a6 Kb8 55. Re7 Ka8 56. g4 Kb8 57. g5 Kc8 58. Rh7 Kb8 59. g6 Kc8
60. a7 Kd8 61. a8=R# 1-0

[Event "III Trofeo Giovanni Pico"]
[Site "Mirandola ITA"]
[Date "2010.01.16"]
[Round "3"]
[White "Cartegni, Aldo"]
[Black "Benedetti, Maurizio"]
[Result "0-1"]
[WhiteElo "1413"]
[BlackElo "1863"]
[PlyCount "86"]
[EventDate "2010.01.15"]

1. e4 c5 2. Nf3 d6 3. c3 Nf6 4. Qa4+ Bd7 5. Bb5 Nc6 6. d4 a6 7. Bxc6 Bxc6 8.
Qb3 Bxe4 9. Nbd2 Bc6 10. O-O e6 11. Re1 Be7 12. Qd1 O-O 13. Nc4 b5 14. Ne3 Qc7
15. b3 Qb7 16. Bb2 Bxf3 17. gxf3 cxd4 18. cxd4 d5 19. a3 Bd6 20. Kh1 Qb8 21.
Nf1 Nh5 22. Bc1 Rc8 23. Qd3 Rc6 24. Bd2 Nf4 25. Bxf4 Bxf4 26. Ng3 Qc7 27. Rg1
Bxg3 28. Rxg3 Rc1+ 29. Rg1 Rxa1 30. Rxa1 Rc8 31. b4 Qc3 32. Rd1 Qxd3 33. Rxd3
Kf8 34. Kg2 Ke7 35. f4 Kd6 36. h4 f6 37. Kg3 Rc4 38. Kf3 e5 39. fxe5+ fxe5 40.
dxe5+ Kxe5 41. Re3+ Re4 42. Rxe4+ dxe4+ 43. Ke3 g6 0-1

[Event "III Trofeo Giovanni Pico"]
[Site "Mirandola ITA"]
[Date "2010.01.16"]
[Round "3"]
[White "Castelli, Antonio"]
[Black "Scali, Fausto"]
[Result "0-1"]
[WhiteElo "1729"]
[BlackElo "1965"]
[PlyCount "86"]
[EventDate "2010.01.15"]

1. e4 c5 2. Na3 Nc6 3. Bb5 Nf6 4. d3 g6 5. c3 Bg7 6. f4 a6 7. Bxc6 dxc6 8. h3
O-O 9. Nc4 b5 10. Ne5 Qc7 11. Qe2 Nh5 12. Qf2 Nxf4 13. Bxf4 Bxe5 14. Ne2 Rd8
15. O-O-O Bxf4+ 16. Nxf4 e5 17. Ne2 Be6 18. Qxc5 Bxa2 19. g4 Bb3 20. Rd2 Qa5
21. Qa3 Qxa3 22. bxa3 Rd7 23. Kb2 Bc4 24. Nc1 Rad8 25. Kc2 c5 26. g5 Be6 27.
Ne2 Bc4 28. Rhd1 Be6 29. Ng1 a5 30. Nf3 Bxh3 31. Nxe5 Rc7 32. c4 bxc4 33. Nxc4
Be6 34. Nxa5 Ra8 35. Nc4 Bxc4 36. dxc4 Rxa3 37. Rd7 Raa7 38. R7d5 Kg7 39. Rb1
Ra2+ 40. Kd3 Ra3+ 41. Kd2 Re7 42. Rxc5 Rxe4 43. Re1 Ra2+ 0-1

[Event "III Trofeo Giovanni Pico"]
[Site "Mirandola ITA"]
[Date "2010.01.16"]
[Round "3"]
[White "Correggiari, Amedeo Luigi"]
[Black "Molinari, Enzo"]
[Result "1-0"]
[WhiteElo "1494"]
[BlackElo "1440"]
[PlyCount "83"]
[EventDate "2010.01.15"]

1. d4 Nf6 2. Nf3 d5 3. e3 Bf5 4. Be2 e6 5. O-O Bd6 6. b3 c6 7. Bb2 Nbd7 8. Nbd2
O-O 9. c4 b6 10. Ne5 Qc7 11. f4 h6 12. Rc1 Rfe8 13. a3 Bxe5 14. dxe5 Ne4 15.
Nxe4 Bxe4 16. Bf3 Nc5 17. Bxe4 Nxe4 18. cxd5 exd5 19. Qxd5 Nc5 20. Qc4 Rac8 21.
Rfd1 Qe7 22. Rd6 Red8 23. Rcd1 Rxd6 24. Rxd6 Qe8 25. f5 Rd8 26. Qd4 Rxd6 27.
exd6 f6 28. b4 Nd7 29. Qc4+ Kf8 30. e4 c5 31. b5 Ne5 32. Bxe5 Qxe5 33. Qe6 Qxe6
34. fxe6 Ke8 35. Kf2 g6 36. Ke3 g5 37. g4 Kd8 38. Kd3 Kc8 39. Kc4 Kd8 40. Kd5
Kc8 41. Kc6 c4 42. e7 1-0

[Event "III Trofeo Giovanni Pico"]
[Site "Mirandola ITA"]
[Date "2010.01.16"]
[Round "3"]
[White "Di Trapani, Luigi"]
[Black "Di Trapani, Davide"]
[Result "0-1"]
[WhiteElo "1525"]
[BlackElo "1905"]
[PlyCount "76"]
[EventDate "2010.01.15"]

1. d4 d5 2. Nf3 Nf6 3. Bg5 e6 4. e3 Be7 5. c4 O-O 6. Bd3 Nbd7 7. O-O b6 8. Nc3
Bb7 9. b3 c5 10. Re1 Rc8 11. Rc1 Ne4 12. Bxe7 Qxe7 13. cxd5 exd5 14. Ne2 Ndf6
15. h3 Rfe8 16. Ne5 a6 17. a4 cxd4 18. exd4 Qb4 19. Nf3 g5 20. Rxc8 Bxc8 21.
Nd2 Qxd2 22. Qxd2 Nxd2 23. Bc2 g4 24. Kh1 gxh3 25. gxh3 Nf3 26. Rg1+ Nxg1 27.
Nxg1 Ne4 28. Kg2 Bf5 29. Bd3 a5 30. Nf3 Nd6 31. Ne5 Rxe5 32. dxe5 Bxd3 33. exd6
Kf8 34. Kf3 Ke8 35. Kf4 Bc2 36. Ke5 Bxb3 37. Kd4 Kd7 38. Ke5 Bxa4 0-1

[Event "III Trofeo Giovanni Pico"]
[Site "Mirandola ITA"]
[Date "2010.01.16"]
[Round "3"]
[White "Egli, Urs"]
[Black "Modena, Giorgio"]
[Result "1-0"]
[WhiteElo "2062"]
[BlackElo "1979"]
[PlyCount "89"]
[EventDate "2010.01.15"]

1. e4 e6 2. d3 d5 3. Nd2 b6 4. c3 Bb7 5. Ngf3 c5 6. Qc2 Nd7 7. Be2 Bd6 8. O-O
Ne7 9. Re1 O-O 10. Bf1 Ng6 11. g3 Rc8 12. Bg2 Re8 13. Nf1 Bb8 14. Bd2 dxe4 15.
dxe4 Qc7 16. Rad1 Nf6 17. Bg5 Nxe4 18. Rxe4 Bxe4 19. Qxe4 f6 20. Bc1 Rcd8 21.
Re1 Qd6 22. Ne3 b5 23. h4 a6 24. h5 f5 25. Qc2 Nf8 26. Nf1 Qd3 27. Qxd3 Rxd3
28. Bf4 Bxf4 29. gxf4 b4 30. Ne3 g6 31. h6 bxc3 32. Bf1 Rd6 33. bxc3 Red8 34.
Be2 Nd7 35. Nc4 Rc6 36. Rd1 Rdc8 37. Nd6 Rb8 38. Ne5 Nxe5 39. fxe5 Kf8 40. Bxa6
Ra8 41. Bc4 Ra4 42. Rb1 Rxd6 43. exd6 Rxc4 44. Rb8+ Kf7 45. d7 1-0

[Event "III Trofeo Giovanni Pico"]
[Site "Mirandola ITA"]
[Date "2010.01.16"]
[Round "3"]
[White "Fagnani, Alessandro"]
[Black "Malago', Federico"]
[Result "0-1"]
[WhiteElo "1824"]
[BlackElo "1440"]
[PlyCount "86"]
[EventDate "2010.01.15"]

1. e4 e6 2. d4 d5 3. e5 Bd7 4. Nf3 c5 5. c3 Nc6 6. a3 Rc8 7. Bd3 cxd4 8. cxd4
Qb6 9. Bc2 Nge7 10. Nc3 a6 11. O-O Ng6 12. h4 Be7 13. g3 Qd8 14. h5 Nf8 15. Nh2
Qc7 16. Ng4 Qd8 17. Re1 Bg5 18. h6 g6 19. Nf6+ Bxf6 20. exf6 Qb6 21. Nxd5 Qxd4
22. Qxd4 Nxd4 23. Bd1 Nc2 24. Bxc2 Rxc2 25. b4 Bb5 26. Bf4 Nd7 27. Bd6 Ba4 28.
Be7 exd5 29. Rad1 Re2 30. Rxe2 Bxd1 31. Re3 Ba4 32. Bd6+ Kd8 33. Re7 d4 34.
Rxf7 d3 35. Bf4 Re8 36. Rxh7 Nxf6 37. Rxb7 Re1+ 38. Kh2 Bc6 39. Rb8+ Kd7 40. g4
Nxg4+ 41. Kg3 Rg1+ 42. Kh4 Nxh6 43. Bxh6 Rh1+ 0-1

[Event "III Trofeo Giovanni Pico"]
[Site "Mirandola ITA"]
[Date "2010.01.16"]
[Round "3"]
[White "Garofalo, Sergio"]
[Black "Dionigi, Riccardo"]
[Result "1-0"]
[WhiteElo "1807"]
[BlackElo "1839"]
[PlyCount "47"]
[EventDate "2010.01.15"]

1. d4 d5 2. c4 e6 3. Nf3 Nf6 4. e3 Bd6 5. c5 Be7 6. Bd3 Nbd7 7. b4 c6 8. Bb2
O-O 9. Nbd2 Qc7 10. O-O Re8 11. Qe2 Bf8 12. Ne5 Re7 13. f4 Ne8 14. Rf3 f6 15.
Bxh7+ Kxh7 16. Rh3+ Kg8 17. Ng6 f5 18. Qh5 Ndf6 19. Qh8+ Kf7 20. Ne5+ Qxe5 21.
fxe5 Ng4 22. Nf3 Bd7 23. Ng5+ Kg6 24. Qh5# 1-0

[Event "III Trofeo Giovanni Pico"]
[Site "Mirandola ITA"]
[Date "2010.01.16"]
[Round "3"]
[White "Grossi, Enrico"]
[Black "Del Gaiso, Massimo"]
[Result "1/2-1/2"]
[WhiteElo "1466"]
[BlackElo "1828"]
[PlyCount "65"]
[EventDate "2010.01.15"]

1. d4 e5 2. dxe5 f6 3. exf6 Nxf6 4. Bg5 Bb4+ 5. c3 Be7 6. Nf3 Nc6 7. e3 d6 8.
Bd3 Bg4 9. Nbd2 Qd7 10. Qc2 g6 11. Bxg6+ Kd8 12. Bd3 h6 13. Bxf6 Bxf6 14. O-O-O
Rg8 15. h3 Be6 16. g4 a6 17. a3 Na7 18. Nd4 Bd5 19. Bf5 Qe7 20. Rhg1 c5 21. Ne2
b5 22. Nf4 Bc6 23. Ne4 Bxe4 24. Bxe4 Rb8 25. Nd5 Qe6 26. Nxf6 Qxf6 27. Rd5 Kc7
28. Rgd1 Rbd8 29. Rf5 Qe7 30. Bd5 Rg7 31. Qe4 Nc8 32. Qf3 Nb6 33. Qe4 1/2-1/2

[Event "III Trofeo Giovanni Pico"]
[Site "Mirandola ITA"]
[Date "2010.01.16"]
[Round "3"]
[White "Guanciale, Orazio"]
[Black "Cocuzzi, Edoardo"]
[Result "1-0"]
[WhiteElo "2167"]
[BlackElo "1990"]
[PlyCount "37"]
[EventDate "2010.01.15"]

1. d4 d5 2. Nc3 e6 3. e4 dxe4 4. Nxe4 Nf6 5. Nxf6+ Qxf6 6. Nf3 h6 7. Bd3 Nc6 8.
O-O Bd6 9. c3 O-O 10. Qe2 Bd7 11. Re1 Rfe8 12. Ne5 Bxe5 13. dxe5 Qe7 14. Qe4 f5
15. exf6 Qxf6 16. Re3 Qf5 17. Qh4 Qd5 18. Rg3 Kf8 19. Bxh6 1-0